00480 a2200181 450000500170000000800410001702000320005804000090009008200170009910000210011624500350013726000370017230000110020965000200022065000200024065000160026070000220027620260506111714.0260506b |||||||| |||| 00| 0 eng d a9788131612101cRs. 1100 .00 aMAIN a361.3bP192S aPandey, Tejaskar aSamajik vikas evam samaj karya bRawat Publicationsc2021aJaipur ax, 262 aSocial Problems aSocial Services aSocial Work aPandey, Baleshwar